| 000 | 00574nam a2200205 a 4500 | ||
|---|---|---|---|
| 001 | 85151 | ||
| 003 | BD-RjUL | ||
| 005 | 20250709105046.0 | ||
| 008 | 250709s1932 enk||||| |||| 00| 0 eng d | ||
| 035 | _a(BD-RjUL)85151 | ||
| 040 |
_aBD-RjUL _beng _cBD-RjUL |
||
| 041 | _aeng | ||
| 082 |
_223 _a824.8 _bCAR 1932 |
||
| 100 |
_aCarlyle, Thomas _915483 |
||
| 245 |
_aReminiscences / _cThomas Carlyle |
||
| 260 |
_aLondon ; _aNew York : _bJ.M. Dent & Sons; _bE.P. Dutton & Co., _c1932 |
||
| 300 |
_axiii, 392 pages; _c17 cm. |
||
| 650 |
_aEnglish Essays _915731 |
||
| 942 |
_2ddc _cBK |
||
| 999 |
_c85151 _d85151 |
||